| 000 | 00607nam a22001577a 4500 | ||
|---|---|---|---|
| 003 | ASAB | ||
| 005 | 20180827062832.0 | ||
| 008 | 180509t xxu||||| |||| 00| 0 eng d | ||
| 040 | _cASAB | ||
| 100 |
_aMuhammad Suleman Riaz-sup-Dr. Najam-us-Sahar Sadaf Zaidi _93825 |
||
| 245 |
_aTH-MS-Propagation and Isolation of Avian Influenza H9N2 on Mammalian and Embryo Cell Lines nad Cloning of its Matrix Gene _cMuhammad Suleman Riaz-sup-Dr. Najam-us-Sahar Sadaf Zaidi |
||
| 260 |
_aIslamabad _bASAB (NCVI) _c2011 |
||
| 300 |
_axvii, 113 P _b30 cm |
||
| 630 |
_aVirology and Immunology _93826 |
||
| 942 |
_2ddc _cTH |
||
| 999 |
_c480813 _d480813 |
||